000 00282nam a22001217a 4500
082 _a824/Kha
100 _aKhare,Mohit
_981527
245 _aGood Essays For Students 's Refernences
260 _aDelhi
_bSonali Sahity Sadan
_c2019
300 _a208
650 _aEssays
942 _cBK
999 _c65583
_d65583